01569nab a2200505 a 450000100060000000300080000600500170001400600190003100700150005000800410006502200160010603500210012204000260014305000210016908000080019010000230019822200140022124501100023526000360034530000150038136200310039653301640042765000180059165000160060965000370062565000170066265000140067965000280069365000210072165000150074265000150075765000230077265000140079565000150080965000260082465000190085065000160086965000130088565300200089865500320091871000190095074000150096985600620098499900170104636352FlNmELB20241216221418.0m o d | cr cn|||||||||200705r20012006sp |||||s|||||||||||spa d z15786730158 a(OCoLC)955385461 aFlNmELBbspacFlNmELB 4aH35bR457 2001eb a3301 aReyes, Giovanni E. 0aNómadas10aPrincipales teorías sobre el desarrollo económico y socialh[recurso electronico]cGiovanni E. Reyes. aMadrid :bRed Nómadas,c2001. a[4-25 p.].0 aNúm.4 (Julio-Dic. 2001)- aRecurso electrónico. Santa Fe, Arg.: e-libro, 2015. Disponible vía World Wide Web. El acceso puede estar limitado para las bibliotecas afiliadas a e-libro. 4aSociología. 4aEconomía. 4aDesarrollo económico y social. 4aCapitalismo. 4aSociedad. 4aPolítica económica. 0aSocial sciences. 0aEconomics. 0aSociology. 0aPolitical science. 0aBusiness. 0aEconomics. 0aEconomic development. 0aGlobalization. 0aCapitalism. 0aSociety. aGlobalización 4aArtículos electrónicos.2 ae-libro, Corp.02aNómadas.40uhttps://elibro.net/ereader/politecnicointernacional/21742 c36352d36352